The Amazing Digital Circus Characters - Picture Click Quiz - Statistics

General Stats
  • This quiz has been taken 332 times
  • The average score is 9 of 9
Answer Stats
Hint Answer % Correct
Ragatha
98%
Jax
97%
Kinger
96%
Caine
96%
Gangle
96%
Pomni
96%
Zooble
95%
Bubble
95%
Kaufmo
94%
No matching quizzes found
Score Distribution
Percent of People with Each Score
Percentile by Number Answered
Your Score History
You have not taken this quiz